Kinh tế học vi mô : Dùng cho sinh viên các trường cao đẳng, đại học ngành tài chính - ngân hàng

Nội dung sách giới thiệu tổng quan về kinh tế học vi mô, cung - cầu, lý thuyết về hành vi người tiêu dùng, hành vi nhà sản xuất, cấu trúc thị trường, thị trường yếu tố sản xuất. Khuyết tật thị trường và vai trò của chính phủ trong nền...

Descripción completa

Guardado en:
Detalles Bibliográficos
Autor principal: Tạ, Thị Lệ Yên
Formato: Libro
Lenguaje:Undetermined
Publicado: Hà Nội Giáo dục Việt Nam 2014
Materias:
Etiquetas: Agregar Etiqueta
Sin Etiquetas, Sea el primero en etiquetar este registro!
Thư viện lưu trữ: Trung tâm Học liệu Trường Đại học Cần Thơ
LEADER 01212nam a2200229Ia 4500
001 CTU_207310
008 210402s9999 xx 000 0 und d
020 |c 45000 
082 |a 338.5 
082 |b Y603 
100 |a Tạ, Thị Lệ Yên 
245 0 |a Kinh tế học vi mô : 
245 0 |b Dùng cho sinh viên các trường cao đẳng, đại học ngành tài chính - ngân hàng 
245 0 |c Tạ Thị Lệ Yên (chủ biên), Nguyễn Thị Thu Hà, Ngô Kim Thanh 
260 |a Hà Nội 
260 |b Giáo dục Việt Nam 
260 |c 2014 
520 |a Nội dung sách giới thiệu tổng quan về kinh tế học vi mô, cung - cầu, lý thuyết về hành vi người tiêu dùng, hành vi nhà sản xuất, cấu trúc thị trường, thị trường yếu tố sản xuất. Khuyết tật thị trường và vai trò của chính phủ trong nền kinh tế thị trường. 
650 |a Kinh tế học vi mô,Microeconomics 
650 |x Học tập và giảng dạy,Study and teaching 
904 |i Qhieu 
980 |a Trung tâm Học liệu Trường Đại học Cần Thơ